Tunisie (notice n° 1410)
[ vue normale ]
| 000 -Label | |
|---|---|
| leader | 00639cam a2200205 i 4500 |
| 010 ## - ISBN | |
| ISBN | 978-9973-917-25-6 |
| 099 ## - Informations locales | |
| Type de document | Livre |
| 100 ## - Données générales de traitement | |
| a | 20230613 frey50 |
| 101 0# - Langue | |
| langue document | français |
| 200 ## - Titre | |
| titre propre | Tunisie |
| sous-titre | hommes et monuments |
| type de document | Livre |
| auteur | Institut National du Patrimoine |
| 210 ## - Editeur | |
| lieu de publication | Ministère de la culture |
| date de publication | 1996 |
| 215 ## - Description | |
| Importance matérielle | (214 p.) |
| 606 ## - sujets | |
| sujet | Tunisie -- Histoire |
| koha internal code | 5219 |
| 606 ## - sujets | |
| sujet | Antiquités -- Tunisie |
| koha internal code | 5220 |
| 606 ## - sujets | |
| sujet | Monuments -- Tunisie |
| koha internal code | 5221 |
| 702 ## - Auteur secondaire | |
| nom | Institut national du patrimoine |
| koha internal code | 5222 |
| 702 ## - Auteur secondaire | |
| nom | Tunisie. Agence nationale du Patrimoine |
| koha internal code | 5223 |
| 801 ## - source de catalogage | |
| pays | TN |
| agence de catalogage | 32bis |
| date de la transaction | 20230514 |
| règles de catalogage utilisées | UNIMARC |
| Propriétaire | Dépositaire | Localisation | Code barre | Numéro Inventaire | Cote | Statut | Note |
|---|---|---|---|---|---|---|---|
| The 32bis Library | The 32bis Library | Salle de lecture 32BIS | 001403 | 1410 | 709 TUN (1) | Consultable sur place | |
| The 32bis Library | The 32bis Library | Magasin | 006991 | 6915 | 709 TUN (2) | Consultable sur place | Don Chancellerie française |